000 00560nam a22001817a 4500
003 UA-OsUOA
001 15966
007 ta
008 20031215b un ||||| |||| 00| 0 ukr d
100 _aСтепанюк М.
942 _cSA
040 _aUA-OsUOA
_cUA-OsUOA
_dUA-OsUOA
245 _aЖінки та гендер
_b[Жіночі орг. Рівненщини займаються гендерною політикою]
300 _aС.1,3
955 _a0
773 0 _w0
_tПанорама
_dРівне
_d2003
_g№49/5 груд./
650 7 _aГендер
_2UDC
999 _c302131
_d302131